000 00372nam a2200157Ia 4500
003 OSt
005 20231205090227.0
008 170523s9999 xx 000 0 und d
020 _a9780070445321
040 _cIIMT UNIVERSITY
100 _aVARSHNEY- RL
245 0 _aINTERNATIONAL MARKETING MANAGEMENT
260 _bDELHI SULTAN CHAND
260 _c1999
942 _2ddc
_c02
999 _c344
_d344